English for business communication : Student's book
Đã lưu trong:
| Tác giả chính: | |
|---|---|
| Định dạng: | CD |
| Ngôn ngữ: | English |
| Được phát hành: |
Cambridge :
Cambridge University Press,
2003.
|
| Phiên bản: | 2nd ed. |
| Các nhãn: |
Thêm thẻ
Không có thẻ, Là người đầu tiên thẻ bản ghi này!
|
| Thư viện lưu trữ: | Thư viện Trường Đại học Đà Lạt |
|---|
| LEADER | 00749nam a2200301 4500 | ||
|---|---|---|---|
| 001 | DLU170181028 | ||
| 005 | ##20170919 | ||
| 020 | # | # | |a 9780521754521 |
| 040 | # | # | |a DLU |b vie |
| 041 | # | # | |a eng |
| 044 | # | # | |a uk |
| 082 | # | # | |a 428 |b SW-S |
| 100 | # | # | |a Sweeney, Simon. |
| 245 | # | # | |a English for business communication : |b Student's book |h [Đĩa CD-ROM] / |c Simon Sweeney. |
| 250 | # | # | |a 2nd ed. |
| 256 | # | # | |a 4 3/4 in. |
| 260 | # | # | |a Cambridge : |b Cambridge University Press, |c 2003. |
| 300 | # | # | |a 2 đĩa CD-ROM ; |c 4 3/4 in. |
| 923 | # | # | |a 05/2016 |
| 992 | # | # | |a 1344000 |
| 994 | # | # | |a DLU |
| 900 | # | # | |a True |
| 911 | # | # | |a Nguyễn Thanh Hương |
| 925 | # | # | |a CD |
| 926 | # | # | |a A |
| 927 | # | # | |a CD |
| 980 | # | # | |a Thư viện Trường Đại học Đà Lạt |


